000 00412nmm a2200145Ia 4500
008 251105s9999||||xx |||||||||||||||||und||
041 _aspa
100 _aBajer, Leo
245 0 _aDemoliendo límites
264 _a[Madrid, España] :
_bEdiciones B,
_c2016
300 _a130 páginas
650 _aSelf-help and personal development
856 _uhttps://public.digitaliapublishing.com/a/54588
942 _cCF
999 _c106006
_d106006